Statistics for Countries By Czech Population

Click here to take the quiz!

General Stats

  • This quiz has been taken 40 times
  • The average score is 16 of 20

Answer Stats

TotalCountry% Correct
9,24 milCzech Republic
97%
643,000Germany
97%
96,500United Kingdom
97%
15,000France
95%
10,670Poland
95%
10,250Italy
92%
109,000Slovakia
92%
1,46 milUnited States
92%
205,420Canada
89%
40,000Australia
87%
65,000Austria
87%
11,000Russia
87%
500,000Brazil
84%
125,000Argentina
74%
2,480Romania
74%
23,000Switzerland
74%
9,450Sweden
71%
15,400Chile
58%
8,000Israel
45%
12,500Uruguay
45%

Score Distribution

Percentile by Number Answered

Percent of People with Each Score

Your Score History

You have not taken this quiz